Größte Inseln der Ostsee - Statistiken

Allgemein
  • Dieses Quiz wurde 147 mal gespielt
  • Das Durchschnittsergebnis liegt bei 7 aus 20
Antwortstatistiken
Land km² Antwort % Korrekt
Deutschland 926 Rügen
90%
Deutschland 445 Usedom
72%
Schweden 2994 Gotland
70%
Deutschland 185 Fehmarn
65%
Dänemark 588 Bornholm
60%
Dänemark 7031 Seeland
50%
Dänemark 1242 Lolland
42%
Finnland 1010 Fasta Aland
37%
Schweden 1347 Öland
37%
Dänemark 2984 Fünen
35%
Dänemark 283 Langeland
21%
Dänemark 513 Falster
18%
Estland 2672 Saaremaa
18%
Dänemark 217 Mon
17%
Polen 265 Wolin
16%
Estland 965 Hiiumaa
12%
Dänemark 312 Als
7%
Estland 198 Muhu
5%
Finnland 524 Kimitoön
3%
Finnland 200 Hailuoto
2%
Keine übereinstimmenden Quizze gefunden
Verteilung der Resultate
Anzahl Personen mit jedem Resultat
Perzentil nach korrekt beantworteten Fragen
Ihre Resultats-Entwicklung
Sie haben dieses Quiz noch nicht gespielt